1498 1200 1170 1667 1250 1771 1694 1176 1780 1099 1575 1101 1887 1908 1934 1789 1562 1440 1458 1675 1972 1401 1124 1390 1988 1342 1075 1152 1610 1454 1967 1976 1231 1261 1522 1397 1380 1159 1376 1410 1039 1927 1194 1076 1138 1347 1773 1634 1738 1692 1831 1753 1887 1716 1462 1626 1878 1616 1631 1876 1223 1874 1546 2000 1402 1543 1781 1444 1208 1930 1285 1171 1108 1234 1480 1508 1334 1699 1889 1164 1390 1524 1003 1838 1127 1883 1322 1575 1842 1169 1920 1024 1058 1133 1421 1239 1005 1982 1731 BCNSPRNW ULIB Ver.6.0+V

เปลี่ยนเป็นภาษาไทย

Change to English
 แสดงรายละเอียดบรรณานุกรม
  กลับหน้าหลัก

Brief Record : Get Marc (ISO 2709) : E-mail record : QR code < ปิดหน้าต่าง
LEADER : 00000nam 2200000uu 4500
001    13399111655
003     ULIB
008    110627s||||||||th 000 0 tha d
020    9786165000390
090    นว.^bณ429ม 2553
100 0  ณารา
245 00 มือปราบหัวใจ/^cณารา
250    พิมพ์ครั้งที่ 2
260    กรุงเทพฯ :^bพิมพ์คำ,^c2553
300    370 หน้า
945    ^p260^l0^i028055
995    ทศพร
999 ^a ใช้งานได้ทุกระบบ
รายการนี้ยังไม่มีแท็ก
คุณยังไม่ได้ล็อกอิน คุณสามารถมีกิจกรรมร่วมกับเว็บไซต์ได้ แต่ต้องล็อกอินก่อน ::
  ล็อกอิน

รายการสื่อสารสนเทศ

ลำดับที่ ประเภท เลขเรียก/บาร์โค้ด สถานที่ สถานะ
- ไม่พบข้อมูล -

รายการใกล้เคียง
    ผู้แต่ง [ณารา]

BibComment


ยังไม่เคยถูกคอมเมนท์

คอมเมนท์ทรัพยากรรายการนี้
  คอมเมนท์: มือปราบหัวใจ ณารา


 Copyright 2026. Bcnsprnw @Library